Statystyki dla Państwa z przynajmniej dwoma literami „S”

Kliknij tutaj aby rozwiązać quiz!

Ogólne statystyki

  • Ten quiz został rozwiązany 108 razy
    (106 od ostatniego zresetowania)
  • Średni wynik to 3 z 7

Statystyki odpowiedzi

Państwo% Poprawnych
Seszele
68%
Arabia Saudyjska
65%
Wyspy Świętego Tomasza i Książęca
55%
Wyspy Salomona
48%
Wyspy Marshalla
45%
Saint Kitts i Nevis
44%
Gwinea Bissau
18%

Rozkład punktacji

Percentyl według liczby udzielonych odpowiedzi

Procent ludzi z każdym wynikiem

Twoja historia wyników

Nie rozwiązałeś tego quizu od ostatniego zresetowania